| Tag |
First Indicator |
Second Indicator |
Subfields |
| LEADER |
00000cam a2200000 a 4500 |
| 001 |
in00001246913 |
| 005 |
20151003083304.0 |
| 008 |
950921s1995 enkab b 000 0 eng d |
| 020 |
|
|
|a 0860547868
|
| 035 |
|
|
|a (OCoLC)33180304
|
| 035 |
|
|
|9 AGU7723AM
|
| 040 |
|
|
|a NYP
|c NYP
|d LRU
|d TXA
|d UtOrBLW
|
| 049 |
|
|
|a TXAM
|
| 090 |
|
|
|a N7760
|b .M27 1995
|
| 100 |
1 |
|
|a Mackintosh, Marjorie.
|
| 245 |
1 |
4 |
|a The divine rider in the art of the Western Roman Empire /
|c Marjorie Mackintosh.
|
| 264 |
|
1 |
|a Oxford :
|b Tempvs Reparatvm,
|c 1995.
|
| 300 |
|
|
|a 115 pages :
|b illustrations, maps ;
|c 30 cm.
|
| 336 |
|
|
|a text
|b txt
|2 rdacontent
|
| 337 |
|
|
|a unmediated
|b n
|2 rdamedia
|
| 338 |
|
|
|a volume
|b nc
|2 rdacarrier
|
| 490 |
1 |
|
|a BAR international series,
|v 607
|
| 500 |
|
|
|a Originally presented as the author's thesis (1991).
|
| 504 |
|
|
|a Includes bibliographical references (pages 85-89).
|
| 650 |
|
0 |
|a Rider-gods in art.
|
| 650 |
|
0 |
|a Gods, Roman, in art.
|
| 650 |
|
0 |
|a Gods, Celtic, in art.
|
| 650 |
|
0 |
|a Art, Roman
|x Themes, motives.
|
| 650 |
|
0 |
|a Art, Roman
|x Celtic influences.
|
| 650 |
|
0 |
|a Art, Greek
|x Influence.
|
| 650 |
|
0 |
|a Art, Greek
|x Themes, motives.
|
| 650 |
|
0 |
|a Art, Celtic
|x Themes, motives.
|
| 650 |
|
0 |
|a Art, Celtic
|x Roman influences.
|
| 650 |
|
0 |
|a Horsemen and horsewomen in art.
|
| 650 |
|
0 |
|a Horses
|x Religious aspects.
|
| 830 |
|
0 |
|a BAR international series ;
|v 607.
|
| 999 |
|
|
|a MARS
|
| 999 |
f |
f |
|s 74de190f-3217-3a6f-81f4-b6cf84392b8e
|i 42f9da24-61d1-3801-8758-a17d5f76fb62
|t 0
|
| 952 |
f |
f |
|p normal
|a Texas A&M University
|b College Station
|c Sterling C. Evans Library
|d Evans: Library Stacks
|t 0
|e N7760 .M27 1995
|h Library of Congress classification
|i unmediated -- volume
|m A14819459645
|
| 998 |
f |
f |
|a N7760 .M27 1995
|t 0
|l Evans: Library Stacks
|